Fanoušci, diváci, nebo zákazníci?

Sponzorská aktivita firiem súčasťou marketingového mixu. Sponzorovanie športových udalostí a zviditeľnenie značky. Rôzne druhy sponzoringu. Aký má sponzoring prínos pre firmu. Výber ideálneho prostredia a kontrola vynaložených investícií. Sponzoring a komunikačné ciele firmy.

Salvato in:
Dettagli Bibliografici
Autore principale: Köppl, D.
Natura: Capitolo di libro
Lingua:ceco
Soggetti:
Tags: Aggiungi Tag
Nessun Tag, puoi essere il primo ad aggiungerne!!

MARC

LEADER 00000naa$a2200000$$$4500
001 0026013
005 20231016104531.6
041 0 |a cze 
044 |a CZ 
245 1 0 |a Fanoušci, diváci, nebo zákazníci?  |c D. Köppl 
520 |a Sponzorská aktivita firiem súčasťou marketingového mixu. Sponzorovanie športových udalostí a zviditeľnenie značky. Rôzne druhy sponzoringu. Aký má sponzoring prínos pre firmu. Výber ideálneho prostredia a kontrola vynaložených investícií. Sponzoring a komunikačné ciele firmy. 
610 2 0 |a marketing mix 
610 2 0 |a podpora predaja 
610 2 0 |a firmy 
610 2 0 |a značky výrobkov 
610 2 0 |a spotrebitelia 
610 2 0 |a komunikácia marketingová 
610 2 0 |a sponzorovanie 
610 2 0 |a šport 
610 2 0 |a kultúra 
610 2 0 |a médiá 
100 1 |a Köppl, D.